000 00585nam a2200229Ia 4500
003 OSt
005 20220918200952.0
006 a|||||r|||| 00| 0
007 ta
008 220917b |||||||| |||| 00| 0 eng d
024 _a91,040
037 _cTextual
040 _aARTS
_cARTS
_beng
041 _2eng
_aeng
082 _aVwM57, G6
100 _aChapman Huston Semond
_996223
245 0 _aLost historian
_b a memoir of Sri Sidney Low
260 _c1936
650 _aHISTORY
942 _hVwM57, G6
_cTEXL
_2CC
999 _c214700
_d214700